Statistics for Who wrote that CLASSIC book?

Click here to take the quiz!

General Stats

  • This quiz has been taken 44 times
  • The average score is 12 of 20

Answer Stats

book/seriesWRITER% Correct
Great ExpectationsCharles Dickens
93%
The IliadHomer
93%
Pride and PrejudiceJane Austen
93%
Jane EyreCharlotte Brontë
90%
Anna KareninaLeo Tolstoy
83%
The Great GatsbyF. Scott Fitzgerald
79%
The Adventures of Huckleberry FinnMark Twain
79%
The Bell JarSylvia Plath
76%
Les MisérablesVictor Hugo
69%
LolitaVladimir Nabokov
67%
Winnie-the-PoohA.A. Milne
64%
Little WomenLouisa May Alcott
64%
The Count of Monte CristoAlexandre Dumas
60%
Moby DickHerman Melville
57%
Don QuixoteMiguel de Cervantes
55%
The Secret GardenFrances Hodgson Burnett
19%
Things Fall ApartChinua Achebe
17%
HeidiJohanna Spyri
17%
Dream of the Red Chamber / 紅樓夢Cao Xueqin
5%
The Tale of GenjiMurasaki Shikibu
5%

Score Distribution

Percentile by Number Answered

Percent of People with Each Score

Your Score History

You have not taken this quiz